Hướng dẫn sử dụng Circuitmaker Chương trình điện toán vẽ, thiết kế, mô phỏng mạch điện chạy trên Windows

Gorde:
Xehetasun bibliografikoak
Egile nagusia: Trần Sum
Formatua: Liburua
Hizkuntza:Undetermined
Argitaratua: Hà Nội Giao Thông Vận Tải 1998
Gaiak:
Etiketak: Etiketa erantsi
Etiketarik gabe, Izan zaitez lehena erregistro honi etiketa jartzen!
Thư viện lưu trữ: Trung tâm Học liệu Trường Đại học Cần Thơ
LEADER 00740nam a2200205Ia 4500
001 CTU_29708
008 210402s9999 xx 000 0 und d
020 |b 32.000đ 
082 |a 005.13 
082 |b S511 
100 |a Trần Sum 
245 0 |a Hướng dẫn sử dụng Circuitmaker 
245 0 |b Chương trình điện toán vẽ, thiết kế, mô phỏng mạch điện chạy trên Windows 
245 0 |c Trần Sum, Phạm Quang Huy 
260 |a Hà Nội 
260 |b Giao Thông Vận Tải 
260 |c 1998 
650 |a application software,circuitmaker ( computer program language ),electric circuits 
904 |i Minh, 990419 
980 |a Trung tâm Học liệu Trường Đại học Cần Thơ